000 03715nam a2200589Ia 4500
001 6197
008 241029s9999 xx 000 0 und d
010 _a5835
041 _aEspañol
082 _aFCE-00203
245 0 _aLiderazgo Gerencial en la Educación Dominicana desde un Enfoque de Marca Personal. Estudio De Caso en el Politécnico Femenino Mercedes Morel, Distrito Educativo 04-06, La Vega, Año Escolar 2017-2018
260 _aLa Vega
300 _a127
520 _a71
630 _aActitud de los Docentes
630 _aActores Educativos
630 _aTecnología Educativa
630 _aTrabajo Cooperativo
630 _aTrabajo en Equipo
650 _aLiderazgo
690 _aCopiado sin cambios
700 _easesor
_aEstrada, Vladimir
700 _eautor
_a Compres María , Edili Mercedes
700 _eautor
_a Mendoza Cruz, Ana Mercedes
700 _eautor
_aPérez Cabreja , Carmelo De Jesús
901 _a{"1":" Compres María ","2":" Mendoza Cruz","3":"Pérez Cabreja "}
_b{"1":"Edili Mercedes","2":"Ana Mercedes","3":"Carmelo De Jesús"}
902 _a1
903 _a{"1":"Estrada"}
_b{"1":"Vladimir "}
904 _aMaestría en
905 _aCiencias de la Educación
906 _a1
907 _aMención en
908 _aGestión de Centros Educativos
909 _aUniversidad Abierta para Adultos (UAPA), Recinto Santiago
910 _aNULL
_bNULL
911 _a["1"]
912 _aNO APLICA
913 _aNULL
914 _a12 de Abril de 2018
915 _a21/10/19 01:10
916 _aNULL
917 _aNULL
918 _aNO APLICA
919 _a["4","7","191","192","193"]
520 _aEsta investigación tiene por objetivo analizar el impacto del liderazgo gerencial del director desde un enfoque de marca personal, en el Politécnico Femenino Mercedes Morel, Distrito Educativo, 04, Regional 06, De La Vega, año escolar 2017-2018. Parte de la problemática de que el Politécnico Femenino Mercedes Morel tradicionalmente en La Vega ha sido considerado uno de los centros de estudios de más prestigio. Hasta el año 2016, estuvo bajo la dirección académica de las Hermanas de la Congregación Ángeles Custodio, a partir de ahí asume la dirección y con ella los cambios que se han producido en el sistema una figura bastante diferente, ya que no solo no es consagrado, sino que además es hombre, pasando de ser el maestro de educación física a ser director del centro. Su liderazgo basado en el conocimiento del centro, la experiencia, la capacidad adquirida y el respaldo de sus compañeros, de por sí solo, no garantizan el éxito de su gestión. Es el desarrollo de su marca personal lo que pone en evidencia su liderazgo y afianza su desarrollo como director. Persigue los objetivos específicos de: analizar la forma en que se proyecta la marca personal del director en el liderazgo gerencial en el Politécnico Femenino Mercedes Morel; analizar el impacto de la marca personal del liderazgo gerencial sobre los públicos internos y externos del Politécnico Femenino Mercedes Morel y analizar el impacto de la marca personal del liderazgo gerencial sobre los resultados objetivos y subjetivos del Politécnico Femenino Mercedes Morel. Se entiende por líder según Goleman (2015: p. 45) el líder es quien ayuda a despertar el potencial dormido dentro de las personas y lo ayuda a poner en actos y en obras en el mundo. Pero primero debe cumplirse una condición primordial: el verdadero líder debe primeramente haber recorrido el camino que desea que sus liderados recorran.
921 _a69
922 _a69
923 _a1
924 _a20191021004122
942 _cTesis
999 _c5835
_d5835